[Event "Prague Open 2025 - A IM Open"]
[Site "Olympik hotel, Prague"]
[Date "2025.01.17"]
[Round "9"]
[Board "8"]
[White "Horak, Martin"]
[Black "Arndt, Stefan"]
[Result "1/2-1/2"]
[WhiteElo "2357"]
[BlackElo "2132"]
[PlyCount "0"]
[EventDate "2025.01.10"]
[EventRounds "9"]
[EventCountry "CZE"]

1. d4 d5 2. Bf4 Nf6 3. e3 e6 4. Nf3 Bd6 5. Ne5 O-O 6. Nd2 b6 7. h4 c5 8. h5 Qc7 9.
h6 g6 10. c3 Nfd7 11. Nxd7 Nxd7 12. Bxd6 Qxd6 13. Qf3 e5 14. Nc4 Qe6 15. Nxe5 Nxe5
16. dxe5 Qxe5 17. Rd1 Be6 18. Rh4 f5 19. g3 Rad8 20. Bg2 Rd7 21. Qe2  1/2-1/2

[Event "Prague Open 2025 - A IM Open"]
[Site "Olympik hotel, Prague"]
[Date "2025.01.17"]
[Round "9"]
[Board "9"]
[White "Salgovic, Simon"]
[Black "Golis, Wiktor"]
[Result "0-1"]
[WhiteElo "2102"]
[BlackElo "2314"]
[PlyCount "0"]
[EventDate "2025.01.10"]
[EventRounds "9"]
[EventCountry "CZE"]

1. e4 c6 2. d4 d5 3. e5 c5 4. dxc5 e6 5. a3 Bxc5 6. b4 Be7 7. Bb2 Nd7 8. Nf3 a5 9.
b5 f6 10. Nbd2 Nh6 11. c4 fxe5 12. Nxe5 Bf6 13. f4 O-O 14. Ndf3 Nxe5 15. fxe5 Bh4+
16. g3 Be7 17. Bh3 Bc5 18. Bd4 Bxd4 19. Nxd4 Qc7 20. Qe2 dxc4 21. Rc1 Qc5 22. Rxc4
Qxa3 23. Rxc8 Raxc8 24. Bxe6+ Kh8 25. Bxc8 Qb4+ 26. Qd2 Qb1+ 27. Qd1 Qe4+  0-1

[Event "Prague Open 2025 - A IM Open"]
[Site "Olympik hotel, Prague"]
[Date "2025.01.17"]
[Round "9"]
[Board "11"]
[White "Tolmacevs, Artjoms"]
[Black "Taborsky, Rostislav"]
[Result "1/2-1/2"]
[WhiteElo "2252"]
[BlackElo "2069"]
[PlyCount "0"]
[EventDate "2025.01.10"]
[EventRounds "9"]
[EventCountry "CZE"]

1. e4 e6 2. d4 d5 3. Nc3 Bb4 4. e5 c5 5. Bd2 Ne7 6. a3 Bxc3 7. Bxc3 b6 8. h4 Ba6
9. Bxa6 Nxa6 10. h5 h6 11. Nf3 Rc8 12. Qe2 cxd4 13. Nxd4 Nc5 14. Nb5 Ne4 15. Nxa7
Nxc3 16. bxc3 Rc4 17. Nb5 O-O 18. Rh3 Nf5 19. Kf1 Qg5 20. Nd4 Nxd4 21. cxd4 Rxd4
22. Rg3 Rh4 23. Kg1 Qxh5 24. Qxh5 Rxh5 25. Rb3 Rxe5 26. Rxb6 d4 27. Rd6 Rc8 28. Rxd4
Rxc2 29. Rf4 g5 30. Rf3 g4 31. Rf4 f5 32. Rb1 Rc7 33. g3 Ra5 34. a4 Kg7 35. Rb8 Rca7
36. Re8 R7a6 37. Rb4 h5 38. Rb7+ Kf6 39. Rh8 Rxa4 40. Rxh5 Rd6 41. Rb1 Rad4 42. Re1
Kg6 43. Rh8 Rd1 44. Rxd1 Rxd1+ 45. Kg2 Rd3 46. Rf8 Kg7 47. Re8 Kf7 48. Ra8 Kf6 49.
Ra5 Rd5 50. Ra4 Ke5 51. Ra6 Rd4 52. Rb6 Re4 53. Rb5+ Kd4 54. Rb4+ Kc3 55. Rb6 Re5
56. Ra6 Re2 57. Ra3+ Kd4 58. Ra4+ Ke5 59. Ra5+ Kf6 60. Rb5 Re5 61. Rb8 Rd5 62. Rb4
Ke5 63. Ra4 Rd4 64. Ra6 Rd6 65. Ra4 Kf6 66. Ra5 e5 67. Rb5 Re6 68. Ra5 Rc6 69. Rb5
Rc1 70. Rb6+ Kg5 71. Rb5 Re1 72. Ra5 e4 73. Re5 Kf6 74. Re8 Rd1 75. Rf8+ Ke6 76.
Re8+ Kf7 77. Re5 Kf6 78. Ra5 Ke6 79. Ra6+ Ke5 80. Ra5+ Rd5 81. Ra4 Rd2 82. Ra5+ Kd4
83. Kf1 e3  1/2-1/2

[Event "Prague Open 2025 - A IM Open"]
[Site "Olympik hotel, Prague"]
[Date "2025.01.17"]
[Round "9"]
[Board "13"]
[White "Rindhiya, V"]
[Black "Rybackova, Lucie"]
[Result "0-1"]
[WhiteElo "1999"]
[BlackElo "2077"]
[PlyCount "0"]
[EventDate "2025.01.10"]
[EventRounds "9"]
[EventCountry "CZE"]

1. e4 c6 2. d4 d5 3. Nc3 dxe4 4. Nxe4 Nf6 5. Nxf6+ exf6 6. c3 Bd6 7. Bd3 O-O 8. Qc2
Re8+ 9. Ne2 h5 10. Be3 Nd7 11. O-O-O b5 12. d5 c5 13. Bxb5 Rb8 14. Bc6 Re7 15. Ng3
Ne5 16. Qa4 Qb6 17. b3 f5 18. Nxh5 Ba6 19. h3 Nxc6 20. dxc6 Re4 21. Qa3 Qxc6 22.
g3 Be2 23. Rxd6 Qxd6 24. Nf4 Bf3 25. Rg1 Rc8 26. c4 Qe5 27. Kb1 Rxe3 28. fxe3 Be4+
 0-1

[Event "Prague Open 2025 - A IM Open"]
[Site "Olympik hotel, Prague"]
[Date "2025.01.17"]
[Round "9"]
[Board "14"]
[White "Colijn, Stefan"]
[Black "Piotraschke, Jens, Dr."]
[Result "1-0"]
[WhiteElo "2315"]
[BlackElo "2048"]
[PlyCount "0"]
[EventDate "2025.01.10"]
[EventRounds "9"]
[EventCountry "CZE"]

1. d4 Nf6 2. Bf4 d5 3. e3 c5 4. c3 Nc6 5. Nf3 Qb6 6. Qc2 g6 7. h3 Bf5 8. dxc5 Qxc5
9. Qb3 Bc8 10. Nbd2 Bg7 11. Be2 O-O 12. O-O Nd7 13. Rfd1 e5 14. Bg3 Nb6 15. a4 Re8
16. Qb5 Qxb5 17. axb5 Nd8 18. e4 f5 19. exd5 e4 20. Ne1 Nf7 21. Nc4 Nxc4 22. Bxc4
g5 23. Bc7 Be5 24. d6 Kf8 25. b6 Bd7 26. Rxa7  1-0

[Event "Prague Open 2025 - A IM Open"]
[Site "Olympik hotel, Prague"]
[Date "2025.01.17"]
[Round "9"]
[Board "15"]
[White "Mueer, Sebastian"]
[Black "Karaivanova, Petya"]
[Result "1-0"]
[WhiteElo "2192"]
[BlackElo "2035"]
[PlyCount "0"]
[EventDate "2025.01.10"]
[EventRounds "9"]
[EventCountry "CZE"]

1. d4 d5 2. c4 e6 3. Nc3 Nf6 4. Nf3 c6 5. e3 Bd6 6. Bd3 dxc4 7. Bxc4 b5 8. Bd3 Bb7
9. e4 Bc7 10. O-O e5 11. Nxe5 Qxd4 12. Nf3 Qd8 13. e5 Nd5 14. Qe2 Nxc3 15. bxc3 Qe7
16. Bg5 Qc5 17. Rfe1 Bc8 18. a4 bxa4 19. Nd4 O-O 20. Rxa4 Qxe5 21. Qxe5 Bxe5 22.
Be7 Bxd4 23. Bxf8 Bxf2+ 24. Kxf2 Kxf8 25. Rd4 Be6 26. Rd8+ Ke7 27. Rh8 Kd6 28. Rb1
Kc7 29. Ba6 Nxa6 30. Rxa8 Nc5 31. Rxa7+ Kd6 32. Rd1+ Ke5 33. Ra5  1-0

[Event "Prague Open 2025 - A IM Open"]
[Site "Olympik hotel, Prague"]
[Date "2025.01.17"]
[Round "9"]
[Board "16"]
[White "Adrian, Claude"]
[Black "Ejsymont, Blanka"]
[Result "1/2-1/2"]
[WhiteElo "2151"]
[BlackElo "1904"]
[PlyCount "0"]
[EventDate "2025.01.10"]
[EventRounds "9"]
[EventCountry "CZE"]

1. c4 e6 2. g3 d5 3. d4 Nf6 4. Nf3 Bb4+ 5. Bd2 a5 6. Bg2 O-O 7. O-O dxc4 8. Na3 Bxa3
9. bxa3 b5 10. Rb1 c6 11. Qc2 Ba6 12. Rfd1 Nbd7 13. Ne5 Nxe5 14. dxe5 Nd5 15. e4
Ne7 16. Bb4 Qc7 17. Bd6 Qb7 18. Qc3 a4 19. Bf1 Qa7 20. Qb4 Rfe8 21. Bc5 Qc7 22. Bd6
Qa7 23. Bc5 Qc7 24. f4 Ng6 25. Rd6 Rad8 26. Rbd1 Rxd6 27. Rxd6 Rd8 28. Bxc4 Rxd6
29. exd6 Qd7 30. Be2 e5 31. Qa5 Bc8 32. f5 Nf8 33. Kf2 f6 34. Qa8 Qb7 35. Qxb7 Bxb7
36. Ke3 Kf7 37. Bh5+ g6 38. fxg6+ hxg6 39. Bg4 Ke8 40. h4 Nd7 41. Ba7 c5 42. Bxd7+
Kxd7 43. Bxc5 Kc6 44. g4 Bc8 45. h5 gxh5 46. gxh5 Be6 47. h6 Bg8 48. Kd3 Bh7 49.
Bb4 Bg6 50. Ke3  1/2-1/2

[Event "Prague Open 2025 - A IM Open"]
[Site "Olympik hotel, Prague"]
[Date "2025.01.17"]
[Round "9"]
[Board "17"]
[White "Shapovalovi, Vasiko"]
[Black "Zawal, Krzysztof"]
[Result "1/2-1/2"]
[WhiteElo "2078"]
[BlackElo "2013"]
[PlyCount "0"]
[EventDate "2025.01.10"]
[EventRounds "9"]
[EventCountry "CZE"]

1. Nf3 Nf6 2. c4 b6 3. g3 Bb7 4. Bg2 e6 5. O-O Be7 6. d4 O-O 7. Re1 a5 8. Nc3 Ne4
9. Bd2 d6 10. d5 Nxd2 11. Nxd2 e5 12. e4 Bg5 13. Rf1 g6 14. a3 Na6 15. Rb1 Bc8 16.
b4 axb4 17. axb4 Bd7 18. Nf3 Bh6 19. Ne1 f5 20. Nd3 Qe7 21. c5 dxc5 22. exf5 Bxf5
23. bxc5 Nxc5 24. d6 Qxd6 25. Nxc5 Qxc5 26. Bxa8 Bxb1 27. Qd5+ Kg7 28. Nxb1 Qxd5
29. Bxd5 Rd8 30. Bf3 c5 31. Rd1 Rxd1+ 32. Bxd1 b5 33. Be2 b4 34. Kf1 Kf6 35. Ke1
e4 36. Bc4 Ke5 37. Kd1 Kd4 38. Bg8 Kd3 39. Bxh7 c4 40. Bxg6 c3 41. f4  1/2-1/2

[Event "Prague Open 2025 - A IM Open"]
[Site "Olympik hotel, Prague"]
[Date "2025.01.17"]
[Round "9"]
[Board "18"]
[White "Markina, Sofiia"]
[Black "Filindash, Nikita"]
[Result "0-1"]
[WhiteElo "1775"]
[BlackElo "2072"]
[PlyCount "0"]
[EventDate "2025.01.10"]
[EventRounds "9"]
[EventCountry "CZE"]

1. e4 e6 2. d4 d5 3. Nd2 Be7 4. e5 c5 5. c3 Nc6 6. Ndf3 b6 7. Bb5 Qc7 8. Bxc6+ Qxc6
9. Ne2 Ba6 10. O-O h5 11. h4 Nh6 12. Bxh6 Rxh6 13. g3 Qb5 14. Re1 Qxb2 15. Rb1 Qa3
16. Qc2 Kf8 17. Nf4 Rc8 18. Qd2 cxd4 19. cxd4 Qxf3 20. Rb3 Qg4 21. Kh2 g5 22. hxg5
Bxg5 23. Qb4+ Kg7 24. Nh3 h4 25. gxh4 Bf4+ 26. Nxf4 Qxf4+ 27. Rg3+ Rg6 28. Qb2 Qxh4+
29. Rh3 Qf4+ 30. Rg3 Rxg3 31. fxg3 Qf5  0-1

[Event "Prague Open 2025 - A IM Open"]
[Site "Olympik hotel, Prague"]
[Date "2025.01.17"]
[Round "9"]
[Board "19"]
[White "Bezeyko, Olexander"]
[Black "Kara, Goktan Can"]
[Result "1/2-1/2"]
[WhiteElo "2050"]
[BlackElo "1789"]
[PlyCount "0"]
[EventDate "2025.01.10"]
[EventRounds "9"]
[EventCountry "CZE"]

1. e4 e5 2. Nc3 Nf6 3. d4 exd4 4. Qxd4 Nc6 5. Qd3 Bb4 6. Bd2 O-O 7. O-O-O Qe7 8.
Nge2 d6 9. Bg5 Be6 10. f4 h6 11. Bh4 g5 12. fxg5 Ng4 13. Qd2 Bc5 14. Kb1 Be3 15.
Qe1 hxg5 16. Bg3 f5 17. h3 Nf6 18. h4 fxe4 19. hxg5 Bxg5 20. Bf4 Qg7 21. Qd2 Bxf4
22. Nxf4 Bf7 23. Be2 Rae8 24. Rh3 Re5 25. Qe3 Rfe8 26. Rdh1 d5 27. Nfxd5 Nxd5 28.
Nxd5 Rxd5 29. Rg3 Bg6 30. Bc4 Ne7 31. Qxa7 b5 32. Bb3 c6 33. Qd7 Qf7 34. Bxd5 cxd5
35. Qxb5 Nf5 36. Rgh3 Kg7 37. g4 Nd4 38. Qc5 Nf3 39. Qe3 Qf6 40. g5 Qe5 41. Qa7+
Qe7 42. Qb6 Qe6 43. Qb7+ Re7 44. Qb8 Re8 45. Qc7+ Qe7 46. Qf4 d4 47. b3 Rf8 48. Qg3
e3 49. Qg4 e2 50. Rxf3 e1=Q+ 51. Rxe1 Qxe1+ 52. Kb2 Qe5  1/2-1/2

[Event "Prague Open 2025 - A IM Open"]
[Site "Olympik hotel, Prague"]
[Date "2025.01.17"]
[Round "9"]
[Board "21"]
[White "Felix, Raphael"]
[Black "Mouryc, Tomas"]
[Result "1-0"]
[WhiteElo "2127"]
[BlackElo "1932"]
[PlyCount "0"]
[EventDate "2025.01.10"]
[EventRounds "9"]
[EventCountry "CZE"]

1. e4 d5 2. exd5 Qxd5 3. d4 e5 4. dxe5 Qxd1+ 5. Kxd1 Nc6 6. f4 Bf5 7. c3 O-O-O+ 8.
Nd2 Bc5 9. Ne2 f6 10. exf6 Nxf6 11. Ng3 Bg4+ 12. Kc2 Nd5 13. Nc4 Rhf8 14. h3 Be6
15. b4 Bf2 16. f5 Bd7 17. Ne2 Bxf5+ 18. Kb2 b5 19. Na3 a6 20. Nc2 Ne5 21. Ned4 Bd7
22. a4 c6 23. axb5 axb5 24. Be2 Bh4 25. Ne3 Nb6 26. Bg4 Rf2+ 27. Kb3 Nxg4 28. hxg4
Bf6 29. Nec2 Rxg2 30. g5 Bxg5 31. Rxh7 Bf6 32. Bf4 Be8 33. Ra7 Nd5 34. Ne6 Bxc3 35.
Ra8+ Kd7 36. Rxd8+ Kxe6 37. Rxe8+ Kf7 38. Rhh8  1-0